| 000 | 00482nam a2200169 4500 | ||
|---|---|---|---|
| 003 | OSt | ||
| 005 | 20211112174925.0 | ||
| 008 | 211112b ||||| |||| 00| 0 eng d | ||
| 040 | _cAIMIT LIBRARY | ||
| 082 | _a658.406 KUMN | ||
| 100 |
_aKumar, Nirmalya;Desai, Santosh _eNirmalya,Kumar;Santosh,Desai _910303 |
||
| 245 |
_aChanging _bMarketing Paradigm for The New Manager _hEnglish |
||
| 260 |
_aNew Delhi _bExcel Multimedia |
||
| 600 | _2AIMA | ||
| 650 | _2AIMA | ||
| 942 |
_2ddc _cCD |
||
| 999 |
_c220547 _d220547 |
||